Infotech : English for computer users : teacher's book

Αποθηκεύτηκε σε:
Λεπτομέρειες βιβλιογραφικής εγγραφής
Κύριος συγγραφέας: Remacha Esteras, Santiago
Μορφή: Βιβλίο
Γλώσσα:English
Δημοσίευση: Cambridge : Cambridge University Press, c2002
Έκδοση:3rd ed.
Θέματα:
Ετικέτες: Προσθήκη ετικέτας
Δεν υπάρχουν, Καταχωρήστε ετικέτα πρώτοι!

MARC

LEADER 00000cam a2200000 i 4500
001 1/90164
008 080630s2002 eng d
020 |a 978-0-521-75429-3 
020 |a 0-521-75429-1 
035 |l 10098573 
040 |a GR-MY-UA  |b gre  |e aacr 
041 0 |a eng 
082 0 |a 428.24024004  |2 (22) 
100 1 |a Remacha Esteras, Santiago. 
245 1 0 |a Infotech :  |b English for computer users : teacher's book /  |c Santiago Remacha Esteras 
250 |a 3rd ed. 
260 |a Cambridge :   |b Cambridge University Press,   |c c2002 
300 |a iv, 128 σ.;  |b εικ.;  |c 25 εκ. 
650 0 0 |a Microcomputers  |x Study and teaching. 
650 0 0 |a English language  |x Technical English  |x Study and teaching. 
852 |a INST  |b SYROS  |e 20080630  |h 428.24024004 REM  |p 005500005743  |q 005500005743  |t BK  |y 0 
901 |a BIBL5-2008-2 
909 |a Ε  |b 141918 
922 |a 5ΕΛΗ  |b 200711  |c ΕΠΕΑΕΚ2/ΤΜΣΠΣ  |d ΠΑΠΑΣΩΤΗΡΙΟΥ 
970 |a ΚΑΓΙΑΒΑ  |b ΕΙΡΗΝΗ  |z 2008/06/30